000 00246nam a2200097Ia 4500
001 833193
005 20250826172410.0
008 250824s9999 xx 000 0 und d
245 0 _aSÜMBÜLLÜ KÖŞK
_cBİLGİN ADALI
260 _bHEP KİTAP YAYINLARI
999 _c833193
_d833193